LEADER 01333nam--2200433---450- 001 990000605110203316 005 20050211093454.0 010 $a88-339-0703-1 035 $a0060511 035 $aUSA010060511 035 $a(ALEPH)000060511USA01 035 $a0060511 100 $a20010903d1993----km-y0itay0103----ba 101 $aita 102 $aIT 105 $a||||||||001yy 200 1 $a<> sacro$ecrociate e pellegrinaggi$elinguaggi e immagini$fAlphonse Dupront$g[traduzione di Saverio Marchignoli e Maria Salemi e Franco Cardini] 210 $aTorino$cBollati Boringhieri$d1993 215 $aX, 557 p.$d22 cm 225 2 $aNuova cultura$v32 312 $aDu Sacré 410 $12001$aNuova cultura$v32 454 $12001$aDu Sacré$927698 606 0 $aReligione$yEuropa 676 $a306.6094 700 1$aDUPRONT,$bAlphonse$0118335 702 1$aSALEMI ,$bMaria 702 1$aCARDINI,$bFranco$f<1940- > 801 0$aIT$bsalbc$gISBD 912 $a990000605110203316 951 $aII.2. 343(VARIE COLL. 861/32)$b113152 LM$cVARIE COLL. 959 $aBK 969 $aUMA 979 $aPATTY$b90$c20010903$lUSA01$h1422 979 $c20020403$lUSA01$h1710 979 $aPATRY$b90$c20040406$lUSA01$h1642 979 $aCOPAT3$b90$c20050211$lUSA01$h0934 996 $aDu Sacré$927698 997 $aUNISA LEADER 02974oam 2200445 450 001 9910583042403321 005 20190911100031.0 010 $a0-12-800388-X 010 $a0-12-800353-7 035 $a(OCoLC)987910909 035 $a(MiFhGG)GVRL9JTB 035 $a(EXLCZ)993710000001368942 100 $a20160421h20172017 uy 0 101 0 $aeng 135 $aurun|---uuuua 181 $2rdacontent 182 $2rdamedia 183 $2rdacarrier 200 10$aCybercrime and business $estrategies for global corporate security /$fSanford L. Moskowitz 210 1$aOxford, United Kingdom :$cButterworth-Heinemann, an imprint of Elsevier,$d[2017] 210 4$d?2017 215 $a1 online resource (xvii, 226 pages) $cillustrations 225 0 $aGale eBooks 320 $aIncludes bibliographical references at the end of each chapters and index. 327 $gPreface --$tThe global cybercrime industry --$tThe startup and spinoff firm --$tThe small and medium-sized enterprise (SME) --$tThe large corporation --$tMergers and acquisitions --$tJoint ventures and strategic partnerships --$tThe subsidiary --$tFranchising --$tIP, licensing, and outsourcing --$tCybercrime and business : emerging themes and strategic directions. 330 $a"[This book] examines the three most prevalent cybercrimes afflicting today's corporate security professionals: piracy, espionage, and computer hacking. By demonstrating how each of these threats evolved separately and then converged to form an ultra-dangerous composite threat, the book discusses the impact the threats pose and how the very technologies that created the problem can help solve it. [The book] then offers viable strategies for how different types of businesses--from large multinationals to small start-ups--can respond to these threats to both minimize their losses and gain a competitive advantage. The book concludes by identifying future technological threats and how the models presented in the book can be applied to handling them. [This book:] demonstrates how to ... handle corporate cyber security issues using case studies from a wide range of companies around the globe; highlights the regulatory, economic, cultural, and demographic trends businesses encounter when facing security issues; and profiles corporate security issues in major industrialized, developing, and emerging countries throughout North America, Europe, Asia, Latin America, Africa, and the Middle East."--$cBack cover. 606 $aComputer crimes$xPrevention 606 $aElectronic commerce$xSecurity measures 615 0$aComputer crimes$xPrevention. 615 0$aElectronic commerce$xSecurity measures. 676 $a364.168 686 $a32.24.56$2EP-CLASS 686 $a40.08$2EP-CLASS 700 $aMoskowitz$b Sanford L$0927746 801 0$bMiFhGG 801 1$bMiFhGG 906 $aBOOK 912 $a9910583042403321 996 $aCybercrime and business$92201405 997 $aUNINA